000 00332nam a2200145Ia 4500
008 230718s9999 xx 000 0 und d
041 _aEng.
082 _a920
_bLAH-D
100 _aLahore High Court
245 0 _aDirectory, High Ceil
260 _aPakistan
_bLew book houg
_c2006
300 _a333
650 _aLaw
999 _c26761
_d26761